Cincinnati/Northern Kentucky Int. Destinations (Hebron, KY, USA) - Statistics

General Stats
  • This quiz has been taken 114 times
    46 since last reset
  • The average score is 51 of 59
Answer Stats
Airline Destination % Correct
Delta Air Lines/Frontier Airlines Atlanta
100%
American Eagle/Delta Connection/Frontier Airlines Boston
100%
American Airlines/Frontier Airlines Dallas/Fort Worth
100%
Allegiant Air/Frontier Airlines/Southwest Airlines/United Airlines Denver
100%
Frontier Airlines/United Airlines/United Express Houston (Intercontinental)
100%
Delta Air Lines/Delta Connection/Sun Country Airlines Minneapolis/St. Paul
100%
American Eagle/Delta Connection New York (JFK)
100%
Delta Connection New York (LaGuardia)
100%
Alaska Airlines/Delta Air Lines Seattle/Tacoma
100%
United Express Washington (Dulles)
100%
American Eagle/Delta Connection Washington (National)
100%
American Airlines/American Eagle Charlotte
98%
Southwest Airlines Chicago (Midway)
98%
American Airlines/American Eagle/United Airlines/United Express Chicago (O'Hare)
98%
Delta Air Lines/Delta Connection Detroit
98%
American Eagle/Frontier Airlines Miami
98%
Breeze Airways San Francisco
98%
Delta Air Lines/Frontier Airlines/Southwest Airlines Tampa
98%
Allegiant Air/Delta Connection/Frontier Airlines Austin
95%
Allegiant Air/Delta Air Lines Los Angeles
95%
Allegiant Air Orlando/Sanford
95%
American Airlines/American Eagle Philadelphia
95%
Allegiant Air Phoenix/Mesa
95%
American Airlines/Frontier Airlines/Southwest Airlines Phoenix (Sky Harbor)
95%
Southwest Airlines Baltimore
93%
Delta Air Lines/Frontier Airlines/Southwest Airlines Fort Myers
93%
Allegiant Air Melbourne/Orlando
93%
Southwest Airlines Nashville
93%
Allegiant Air/Delta Connection/United Express Newark
93%
Delta Air Lines/Frontier Airlines/Southwest Airlines Orlando
93%
Delta Connection Raleigh/Durham
93%
Breeze Airways San Diego
93%
Air Canada Express Toronto (Pearson)
93%
Allegiant Air/Breeze Airways Charleston (SC)
90%
Allegiant Air/Delta Air Lines/Frontier Airlines Las Vegas
90%
Air Canada Express Montréal (Trudeau)
90%
Allegiant Air/Delta Air Lines/Frontier Airlines Fort Lauderdale
88%
Allegiant Air Jacksonville (FL)
88%
British Airways London (Heathrow)
88%
Frontier Airlines Portland (ME)
88%
Allegiant Air Portland (OR)
88%
American Airlines/Delta Air Lines/Frontier Airlines/Viva Cancún
85%
Allegiant Air/Frontier Airlines New Orleans
85%
Delta Air Lines Salt Lake City
85%
Allegiant Air/Frontier Airlines/Southwest Airlines Sarasota
80%
Allegiant Air Destin/Fort Walton Beach
78%
Allegiant Air Key West
78%
Allegiant Air Myrtle Beach
73%
Frontier Airlines Punta Cana
70%
Allegiant Air/Frontier Airlines West Palm Beach
70%
Delta Air Lines Paris (Charles de Gaulle)
65%
Allegiant Air/Breeze Airways Providence
65%
Allegiant Air Savannah
63%
Breeze Airways Hartford
60%
Allegiant Air Norfolk
60%
Frontier Airlines Pensacola
60%
Allegiant Air Punta Gorda (FL)
60%
Allegiant Air St. Petersburg/Clearwater
60%
Allegiant Air Gulf Shores
30%
No matching quizzes found
Score Distribution
Percent of People with Each Score
Percentile by Number Answered
Your Score History
You have not taken this quiz since the last reset